Представление документа в формате RUSMARC

ПолеНазваниеЗначение
  Тип записи a
  Библиографический уровень a
001 Контрольный номер UONB/MAIN/a55f1a532c5447058c893de0fced4269
005 Дата корректировки 20260415171649.1
100 Данные общей обработки __
a Данные общей обработки 20260415 ||| 0rusy0189 ca
101 Язык документа 0_
a Язык текста rus
102 Страна публикации __
a Страна публикации RU
200 Заглавие и сведения об ответственности 1_
a Заглавие Запись в дневнике
e Сведения, относящиеся к заглавию стихи
f Первые сведения об ответственности Д. Мурзин
203 Вид содержания и тип средства __
a Вид содержания Текст
b Характеристика содержания визуальный
c Тип средства непосредственный
225 Серия 1_
a Серия Поэзия и проза
327 Примечание о содержании 01
a Примечание о содержании Еще весна, но скоро лето...
a Примечание о содержании Тяжел невисокосный год...
a Примечание о содержании А как тебе, мой друг, такая весть...
a Примечание о содержании Справа глухо. Слева немо...
a Примечание о содержании Я — насквозь литературен...
a Примечание о содержании Смысловые рифмы...
a Примечание о содержании На возвращение из бухты Лаврентия...
461 Уровень набора _0
1 2000
a Москва
1 011
a 0131-2332
463 Уровень физической единицы _0
1 2000
a № 3
v С. 105-107
1 2101
d 2026
1 001UONB/MAIN/be4d8960933542609546a630b5db2276
517 Другие варианты заглавия 1_
a Другие варианты заглавия Еще весна, но скоро лето...
517 Другие варианты заглавия 1_
a Другие варианты заглавия Тяжел невисокосный год...
517 Другие варианты заглавия 1_
a Другие варианты заглавия А как тебе, мой друг, такая весть...
517 Другие варианты заглавия 1_
a Другие варианты заглавия Справа глухо. Слева немо...
517 Другие варианты заглавия 1_
a Другие варианты заглавия Я — насквозь литературен...
517 Другие варианты заглавия 1_
a Другие варианты заглавия Смысловые рифмы...
517 Другие варианты заглавия 1_
a Другие варианты заглавия На возвращение из бухты Лаврентия...
606 Тематические рубрики 0_
a Основная рубрика Художественная литература
606 Тематические рубрики 0_
a Основная рубрика Современная русская литература (произведения)
610 Ключевые слова 0_
a Ключевые слова стихи
610 Ключевые слова 0_
a Ключевые слова тема современного общества
610 Ключевые слова 0_
a Ключевые слова тема взаимоотношений между людьми
610 Ключевые слова 0_
a Ключевые слова тема размышлений о современном времени
610 Ключевые слова 0_
a Ключевые слова тема скоротечности жизни
610 Ключевые слова 0_
a Ключевые слова дневниковые записи
686 Индексы других классификаций __
2 Код системы rubbk
700 Автор _1
a Фамилия Мурзин
b Имя (инициалы) Д.
g Полное личное имя Дмитрий
4 Код отношения 070
801 Источник записи _0
a Страна RU
b Организация Ульяновская ОНБ
c Дата составления 20260415
g Правила каталогизации RCR
801 Источник записи _1
a Страна RU
b Организация Ульяновская ОНБ
c Дата составления 20260415
g Правила каталогизации RCR
901 Тип документа __
t Тип документа b
w Контрольный № источника UONB/MAIN/be4d8960933542609546a630b5db2276